000 01602nam a2200289Ia 4500
008 130821s1706 sp a gr spa
040 _aCo-BoUCM
_bspa
041 0 _alat
092 _aE12N073
100 1 _aSolórzano Pereira, Juan de
_d1575-1655
245 1 1 _aD. Ioan de Solorzano Pereyra (...) obras posthumas
_brecopilados de varios tratados, memoriales y papeles, escritos algunos en causas fiscales, y llenos todos de mucha enseñanza y erudicion.
246 1 3 _a[Obras postumas]
260 _aZaragoça [Zaragoza]
_bpor los herederos de Diego Dormer
_c[1706]
300 _a[16], 712 páginas
_bilustraciones
500 _aDetalles físicos: Encuadernación en pergamino en muy mal estado de conservación, pergamino deteriorado y roto en el lomo y en las tapas, primeras hojas rotas, manchadas y dobladas. Conserva la portada rora e impresa en dos colores, conserva part
500 _aFecha de edición tomada de páginas preliminares.
504 _aIncluye índice.
505 0 _aSobre el castigo de los parricidas y personas a las que se impone. ; Diez conclusiones académicas (Salamanca. Agosto de 1609. Aula Magna). ; Discurso jurídico-histórico-político sobre los derechos, honores y preeminencias que corresponden a los
506 _aConsulta en sala.
546 _aTexto en latín.
650 _aDerecho civil
_912711
650 _aDerecho civil
_xObras anteriores a 1800
_912711
650 _aDerecho penal
_xObras anteriores a 1800
_912805
700 1 _aDormer, Diego de
_cherederos
_eimp.
942 _cLIBRO
_a8
_e1
_2DEWEY
_h345
999 _c75114
_d75114